Biblioteca

Oxford Bible atlas (Registro nro. 31678)

Detalles MARC
000 -LÍDER
Campo fijo de descripción fija 02176aam a2200325 i 4500
001 - NÚMERO DE CONTROL
Campo de control 768714001
003 - IDENTIFICADOR DEL NÚMERO DE CONTROL
Campo de control CO-MdFUSB
005 - FECHA Y HORA DE LA ULTIMA TRANSACCIÓN
control field 20210226121518.0
007 - CAMPO FIJO DE DESCRIPCIÓN FIJA--INFORMACIÓN GENERAL
Campo fijo de descripción fija ta
008 - ELEMENTOS DE LONGITUD FIJA -- INFORMACIÓN GENERAL
Campo fijo de descripción fija -- Información general 210226t1984 nyuab||| |||| 00| 0 eng d
020 ## - NÚMERO INTERNACIONAL NORMALIZADO PARA LIBROS
Número Internacional Normalizado del libro 0191434523
040 ## - FUENTE DE CATALOGACIÓN
Idioma de catalogación spa.
Agencia de catalogación original CO-MdFUSB
Agencia que realiza la transcripción CO-MdFUSB
Agencia que realiza la modificación CO-MdFUSBC
Convenciones de la descripción rda
041 ## - CÓDIGO DE IDIOMA
Código de idioma para texto/pista de sonido o título separado eng
082 04 - NÚMERO DE CLASIFICACIÓN DECIMAL DEWEY
Número de la edición del Dewey 23
Número de clasificación 220.9
Clave de autor-Numero de item M4661o
245 10 - TÍTULO
Título del Material Oxford Bible atlas
Mención de responsabilidad, etc. / editado por Herbert G. May,
250 ## - MENCIÓN DE EDICIÓN
Mención de edición Tercera edición
264 #1 - PRODUCCIÓN, PUBLICACIÓN, DISTRIBUCIÓN, MANUFACTURA, Y COPYRIGHT
Lugar de producción, publicación, distribución, manufactura Nueva York :
Nombre del productor, publicador, distribuidor Oxford University Press,
Fecha de producción, publicación, distribución, manufactura, o copyright [1984]
264 #4 - PRODUCCIÓN, PUBLICACIÓN, DISTRIBUCIÓN, MANUFACTURA, Y COPYRIGHT
Fecha de producción, publicación, distribución, manufactura, o copyright © 1984
300 ## - DESCRIPCIÓN FÍSICA
Extensión 144 páginas
Dimensiones ; 26 cm
336 ## - TIPO DE CONTENIDO
Fuente rdacontent
Término de tipo de contenido texto
Código de tipo de contenido txt
337 ## - TIPO DE MEDIO
Fuente rdamedia
Nombre del tipo de medio sin mediación
Código del tipo de medio n
338 ## - TIPO DE SOPORTE
Fuente rdacarrier
Nombre del tipo de soporte volumen
Código Tipo de soporte nc
505 ## - NOTA DE CONTENIDO
Nota de contenido con formato preestablecido Introducción: Israel y las Naciones / HG May. - Mapas y textos descriptivos. - Palestina: Regiones naturales - Palestina: Vegetación en tiempos bíblicos (mapa) - Palestina: Precipitación media anual (mapa) - Tierras de la Biblia: Relieve - El antiguo Cercano. -- Oriente antes del Éxodo - La tierra de Canaán : Abraham a Moisés -El Éxodo - Israel en Canaán: Josué a Samuel a Saúl - Palestina en los tiempos del Antiguo Testamento (mapa) - La monarquía unida: David y Salomón - Israel y antiguas rutas comerciales - Los reinos de Israel y Judá (c. 926-722 a.C.) - El Imperio Asirio - El reino de Judá después de la Caída de Samaria (722-586 a.C.) - El Imperio Babilónico - Palestina después del Exilio - El Imperio Persa - Jerusalén en la época del Antiguo Testamento - El Período Helenístico: Imperios Ptolemaico y Seleucida - Palestina bajo Herodes (c. 40 a. C.-6 d. C.) -<br/>Palestina en Tiempos del Nuevo Testamento (6-70 d.C.) (mapa) - El trasfondo de los Nuevos Testamentos: Roma y Oriente - La cuna del cristianismo: El Mediterráneo oriental - El Cercano Oriente: Sitios arqueológicos - Palestina: Sitios arqueológicos ( mapa) - Jerusalén en los tiempos del Nuevo Testamento - Palestina: Sitios arqueológicos - Arqueología y la Biblia / RW Hamilton.
563 ## - NOTA DE ENCUADERNACIÓN
Nota de encuadernación Tapa dura
650 14 - ASIENTO SECUNDARIO DE MATERIA - TERMINO TEMÁTICO
Término temático o nombre geográfico como elemento de entrada GEOGRAFIA BIBLICA - MAPAS
700 ## - ASIENTO SECUNDARIO - NOMBRE PERSONAL
9 (RLIN) 4990
Nombre personal May, Herbert G.
Responsabilidad editor
942 ## - TIPO DE MATERIAL (KOHA)
Tipo de Item KOHA Libros General
945 ## - INFORMACIÓN LOCAL DEL REGISTRO
Catalogador JTF-925
Existencias
Estado de Material Estado de Perdido Estado de Dañado No para Préstamo Colección Tomo Biblioteca de Origen Biblioteca Permanente Fecha de Adquisición Total de Préstamos Signatura Topográfica Código de Barras Última vez visto Ejemplar/Existencia Fecha de Remplazo Tipo de Material
        Colección de Referencia   Biblioteca FUSBC Biblioteca FUSBC 31/08/2004   R 220.9 M4661o 8221 25/07/2025 1 26/01/2016 Libros de Referencia

Biblioteca FUSBC | Teléfono: (57+4) 349 88 10 Ext. 141| WhatsApp (+57) 3005338115 
E-mail: biblioteca@unisbc.edu.co | Calle 76 87-14 Robledo Palenque, Medellín, Colombia

Con tecnología Koha